000 00542cam a2200193 4500
008 000000n2000 000 0 eng u
020 _a1860813623
035 _a(Sirsi) u105308
050 _a690
110 _aBuilding Research Establishment
245 _aCorrosion of steel in concrete : protection and remediation.
260 _aLondon
_bCRC
_c2000
300 _a12p. ; 30cm.
490 _aBRE Digest
_v444, Part 3
650 _aREINFORCED CONCRETE
650 _aSTEEL REINFORCEMENT
690 _aBUILT ENVIRONMENT
942 _n0
999 _c100356
_d100356